Fr. Conceicao Rodrigues College of Engineering

Art of Dynamic Thinking (Record no. 19238)

MARC details
000 -LEADER
fixed length control field 00366nam a2200169Ia 4500
082 ## - DEWEY DECIMAL CLASSIFICATION NUMBER
Classification number 170/MEL
Item number MEL
100 ## - MAIN ENTRY--PERSONAL NAME
Personal name Melvin Powers
245 ## - TITLE STATEMENT
Title Art of Dynamic Thinking
260 ## - PUBLICATION, DISTRIBUTION, ETC.
Name of publisher, distributor, etc. Better Yourself Books
Place of publication, distribution, etc. Bandra
Date of publication, distribution, etc. 1955
366 ## - TRADE AVAILABILITY INFORMATION
Publishers's discount category 25
300 ## - PHYSICAL DESCRIPTION
Extent 80
546 ## - LANGUAGE NOTE
Language note ENGLISH
650 ## - SUBJECT ADDED ENTRY--TOPICAL TERM
Topical term or geographic name entry element Philosophy
654 ## - SUBJECT ADDED ENTRY--FACETED TOPICAL TERMS
Focus term dynamic thinking
942 ## - ADDED ENTRY ELEMENTS (KOHA)
Koha item type BOOK
Holdings
Withdrawn status Lost status Damaged status Not for loan Collection Home library Current library Date acquired Source of acquisition Cost, normal purchase price Inventory number Total Checkouts Total Renewals Full call number Barcode Date last seen Date last checked out Cost, replacement price Price effective from Koha item type
        CRC Fr. Agnel's C.Rodrigues College of Engineering Fr. Agnel's C.Rodrigues College of Engineering 17/03/2023 Better Yourself Books 5.00 1028 dt 04/09/2007 2 1 170/MEL MEL 17711 16/01/2025 29/10/2024 30.00   BOOK